| 000 | 01032cab a2200373 4500 | ||
|---|---|---|---|
| 001 | ABS48581 | ||
| 008 | 090401t1993 xxu||||| |||| 00| 0 eng d | ||
| 035 | _a(Sirsi) u67440 | ||
| 041 | _aeng | ||
| 245 | _aCentrefolio : M1 South | ||
| 260 | _c1993 | ||
| 350 | _a0 | ||
| 490 |
_aCSW - The Property Week _v43(6) 6 May 1993, 29-65(13) |
||
| 650 | _aABBEY NATIONAL | ||
| 650 | _aBEDFORD | ||
| 650 | _aFILTRONA | ||
| 650 | _aHEMEL HEMPSTEAD | ||
| 650 | _aINDUSTRIAL MARKET | ||
| 650 | _aLEGAL & GENERAL | ||
| 650 | _aLUTON | ||
| 650 | _aM1 CORRIDOR | ||
| 650 | _aMENTOR | ||
| 650 | _aMILTON KEYNES | ||
| 650 | _aMOTHERCARE | ||
| 650 | _aPROPERTY-COMMERCIAL PROPERTY-OFFICE PROPERTY-OFFICE PROPERTY MARKET | ||
| 650 | _aREDBOURNE HOUSE | ||
| 650 | _aPROPERTY-COMMERCIAL PROPERTY-RETAIL PROPERTY-RETAIL PROPERTY MARKET | ||
| 650 | _aRICKMANSWORTH | ||
| 650 | _aROAD TEST | ||
| 650 | _aWATFORD | ||
| 690 | _aPROPERTY-COMMERCIAL PROPERTY-COMMERCIAL PROPERTY MARKET | ||
| 942 | _n0 | ||
| 948 | _c04/03/1997 | ||
| 999 |
_c42201 _d42201 |
||